| 000 | 00858nam a2200253Ia 4500 | ||
|---|---|---|---|
| 003 | OSt | ||
| 005 | 20220918110741.0 | ||
| 006 | a|||||r|||| 00| 0 | ||
| 007 | ta | ||
| 008 | 220915b |||||||| |||| 00| 0 hin d | ||
| 024 | _a183296 | ||
| 037 | _cReference Collections | ||
| 040 |
_aARTS _cARTS _bhin |
||
| 041 |
_2hin _ahin |
||
| 082 | _aO152,6M83k, L4(RR) | ||
| 100 | _aअजित कुमार | ||
| 245 | 0 | _aआचार्य शुक्ल विचार कोश | |
| 246 | _aĀchārya shukla vichār kosha | ||
| 260 |
_aदिल्ली _bनेशनल पब्लिशिंग हाउस भारत _c1974 |
||
| 300 | _a272पृ0 | ||
| 650 | _aहिन्दी साहित्य | ||
| 942 |
_hO152,6M83k, L4(RR) _cREF |
||
| 999 |
_c114470 _d114470 |
||